| 000 | 003350000a22000970004500 | ||
|---|---|---|---|
| 100 | 1 | _aCardoso Pereira, Nancy | |
| 245 | 1 | 0 | _a...sin perder la ternura : Jamás! - De hombres mal amados y mujeres prisioneras del amor |
| 300 | _aNum. 37 (2000), Páginas 82-94 | ||
| 773 | 0 | _tRevista de Interpretación Bíblica Latinoamericana | |
| 942 | _cANA | ||
| 999 |
_c52572 _d52572 |
||